| 000 | 02688cac a22003491a 4500 | ||
|---|---|---|---|
| 999 |
_c3344 _d3344 |
||
| 003 | EG-ScBUE | ||
| 005 | 20200109101131.0 | ||
| 008 | 190725t2005 maua f b 001 0 eng d | ||
| 020 | _a061845411X (pbk.) | ||
| 020 | _a9780618454112 | ||
| 040 |
_aEG-ScBUE _beng _erda _cEG-ScBUE _dEG-ScBUE |
||
| 082 | 0 | 4 |
_a808.0427 _bSCH _222 |
| 100 | 1 |
_aSchwiebert, John E, _d1955- _eauthor. |
|
| 245 | 1 | 0 |
_aReading and writing from literature / _cJohn E. Schwiebert, Weber State University. |
| 250 | _aThird edition. | ||
| 264 | 1 |
_aBoston ; _aNew York : _bHoughton Mifflin Company, _c[2005] |
|
| 264 | 4 | _cc 2005 | |
| 300 |
_axxiv, 1220 pages : _billustrations (some color) ; _c24 cm |
||
| 336 |
_2rdacontent _atext _btxt |
||
| 337 |
_2rdamedia _aunmediated _bn |
||
| 338 |
_2rdacarrier _avolume _bnc |
||
| 500 | _aIncludes appendices. | ||
| 504 | _aIncludes bibliographical references and index. | ||
| 520 | _a"Reading and Writing from Literature is ideal for instructors who wish to support students with significant writing instruction accompanied by a robust literary anthology that includes fiction, poetry, drama, and essays. Using an approachable, conversational tone, this thematic anthology and writing text emphasizes intertextuality - the way in which texts, including the student's own writing, grow out of other texts. Thirteen chapters of guidance on writing about literature (Parts I-III) cover such topics as planning, drafting, and revising essays on literature, research and documentation in a literature-based context, writing argumentative literary essays, and creating a writing portfolio. Part IV introduces students to the genres - short stories, poems, plays, and essays. Part V provides a thorough overview of figurative language. Part VI, the text's thematic anthology, is organized around themes of particular interest to students: Gender and Relationships, Families, Experience and Identity, Individual and Society, People and Cultures in Conflict and Change, and Work and the Quality of Life. It contains 45 new poems, essays/nonfiction writing, and short stories, with an emphasis on the contemporary. This edition features a stronger representation of international and multicultural authors, including such writers as Antoine de Saint-Exupery, Derek Walcott, Yusef Komunyaka, Sei Shonagon, and Allan Gurganus." | ||
| 590 | _aMarwa Ashraf | ||
| 650 | 7 |
_aEnglish language _xRhetoric _vProblems, exercises, etc. _2BUEsh |
|
| 650 | 7 |
_aLiterature _xAppreciation _vProblems, exercises, etc. _2BUEsh |
|
| 650 | 7 |
_aCriticism _xAuthorship _vProblems, exercises, etc. _2BUEsh |
|
| 653 |
_bHHUUEENN _cJuly2019 |
||
| 655 | _vReading book | ||
| 942 |
_cBB _k808.042721Sch994 _2ddc |
||